| 000 | 01062nam a22003017i 4500 | ||
|---|---|---|---|
| 003 | EG-ScBUE | ||
| 005 | 20221121052736.0 | ||
| 008 | 220731s1994 ua f b 000 0 ara d | ||
| 017 | _a94 / 521 | ||
| 020 | _a9775222125 | ||
| 040 |
_aEG-ScBUE _bara _erda _cEG-ScBUE _dEG-ScBUE |
||
| 082 | 0 | 4 |
_222 _a297.57 _bو هـ ب |
| 100 | 1 |
_aوهبة، مراد، _eمؤلف. |
|
| 245 | 1 | 0 |
_aمدخل الي التنوير / _cدكتور مراد وهبة. |
| 250 | _aالطبعة الأولى. | ||
| 264 | 1 |
_aالقاهرة : _bدار العالم الثالث ؛ _aالكويت : _bدار النهج الجديد، _c1994. |
|
| 300 |
_a202 صفحة ؛ _c18 سم. |
||
| 336 |
_2rdacontent _aنص _btxt |
||
| 337 |
_2rdamedia _aبدون وسيط _bn |
||
| 338 |
_2rdacarrier _aمجلد _bnc |
||
| 490 | 0 | _aالكتاب الأول | |
| 504 | _aيشتمل على إرجاعات ببليوجرافية. | ||
| 541 | _aBook from store. | ||
| 650 | 7 |
_aالتنوير (فلسفة). _2BUEsh |
|
| 653 |
_bGGEN _cNovember2022 |
||
| 655 | _vReading book | ||
| 942 | _2ddc | ||
| 999 |
_c30001 _d29972 |
||